Statistieken voor Top 5 landen per categorie #1

Klik hier om de quiz te nemen!

Algemene statistieken

  • Deze quiz is 499 keer genomen
  • De gemiddelde score is 24 van 39

Antwoordstatistieken

Land% Correct
China
100%
Rusland
99%
Verenigde Staten
99%
India
95%
Canada
93%
Frankrijk
89%
Brazilië
88%
Vaticaanstad
87%
Australië
86%
Japan
86%
Monaco
84%
Spanje
83%
Italië
82%
Duitsland
77%
Indonesië
77%
Chili
73%
Mexico
71%
San Marino
70%
Liechtenstein
69%
Zwitserland
63%
Luxemburg
62%
IJsland
57%
IJsland
57%
Denemarken
55%
Mongolië
55%
Singapore
49%
Nauru
46%
Noord-Korea
45%
Qatar
45%
Nigeria
43%
Tuvalu
43%
Palau
42%
Bahrein
32%
Filipijnen
32%
Vanuatu
31%
Colombia
29%
Maldiven
17%
Namibië
15%
Suriname
14%

Scoreverdeling

Percentiel versus Aantal Correcte Antwoorden

Procent van Mensen met Elke Score

Uw Scoregeschiedenis

U heeft deze quiz nog niet genomen